ბათუმის შოთა რუსთაველის სახელმწიფო უნივერსიტეტის ბიბლიოთეკა

Овощеводство в теплицах (ბიბ.ჩანაწერი № 45797)

000 -LEADER
fixed length control field 00567nam a2200217Ia 4500
001 - CONTROL NUMBER
control field 12625
003 - CONTROL NUMBER IDENTIFIER
control field GE_BSU
008 - FIXED-LENGTH DATA ELEMENTS--GENERAL INFORMATION
fixed length control field 181216s||||||||xx |||||||||||||| ||und||
040 ## - CATALOGING SOURCE
Transcribing agency GE_BSU
080 ## - UNIVERSAL DECIMAL CLASSIFICATION NUMBER
Universal Decimal Classification number 635
245 ## - TITLE STATEMENT
Title Овощеводство в теплицах
245 ## - TITLE STATEMENT
Statement of responsibility, etc. Ред.В.Е.Савздарг
250 ## - EDITION STATEMENT
Edition statement изд. 2
260 ## - PUBLICATION, DISTRIBUTION, ETC.
Place of publication, distribution, etc. Москва
260 ## - PUBLICATION, DISTRIBUTION, ETC.
Name of publisher, distributor, etc. Сельхозгиз
260 ## - PUBLICATION, DISTRIBUTION, ETC.
Date of publication, distribution, etc. 1954
300 ## - PHYSICAL DESCRIPTION
Extent 484стр.илл.21см.
300 ## - PHYSICAL DESCRIPTION
Accompanying material Таблица с.281
653 ## - INDEX TERM--UNCONTROLLED
Uncontrolled term Овощеводство в теплицах
942 ## - ADDED ENTRY ELEMENTS (KOHA)
Koha item type წიგნი
ეგზემპლარები
Withdrawn status Lost status Damaged status Not for loan Date acquired Barcode Date last seen Price effective from Koha item type
        2018-12-17 20579 2018-12-17 2018-12-17 წიგნი